Louisiana True or False? - Statistics

General Stats
  • This quiz has been taken 147 times
  • The average score is 9 of 15
Answer Stats
Question Answer % Correct
New Orleans has one of the nation's highest murder rates True
93%
Louisiana is named after a French king True
91%
New Orleans Saints play basketball False
86%
Around half the population of Louisiana comprised of slaves a year before the Civil War started True
86%
Louisiana has lost 1,883 mi2 (4,876 km2) of land between 1932–2010, the same area as Rhode Island, but a bit larger True
77%
Baton Rouge is the southernmost state capital False
70%
The U.S. won the Battle of New Orleans against Britain during the War of 1812 True
67%
Lake Pontchartrain Causeway is the longest bridge in the U.S. True
67%
The Deepwater Horizon oil spill lasted about two weeks False
56%
Huey Long was a famous jazz pianist from Shreveport False
56%
About 30% of Louisiana's population speak fluent French False
49%
Louisiana has NO national parks True
42%
Louisiana has voted for a Republican candidate in every presidential election since 1980 False
33%
There has been at least one president whose home state was Louisiana True
30%
Hurricane Katrina was the deadliest hurricane to ever hit the U.S. False
28%
No matching quizzes found
Score Distribution
Percent of People with Each Score
Percentile by Number Answered
Your Score History
You have not taken this quiz